Bytový dom

Uložené v:
Podrobná bibliografia
Hlavný autor: Juhošová, Dominika (Autor)
Ďalší autori: Briatka, Peter (Vedúci práce)
Médium: Rukopis Kniha
Jazyk:Slovak
Vydavateľské údaje: 2016
Predmet:
On-line prístup:http://is.stuba.sk/zp/portal_zp.pl?podrobnosti=108848
https://opac.crzp.sk/?fn=detailBiblioForm&sid=093FABE64BBAAF120533FC6F11AD
Tagy: Pridať tag
Žiadne tagy, Buďte prvý, kto otaguje tento záznam!

MARC

LEADER 00000ntm a22000003a 4500
001 stuzp57169
003 SK-STU
005 20230623142214.5
007 ta
008 150427s2015----xo-----f-mn---000-0-slo-d
040 |a STU  |b slo 
041 0 |a slo 
100 1 |a Juhošová, Dominika  |u 010270  |4 aut  |U SvF Stavebná fakulta  |T SvF Katedra technológie stavieb  |X 63384  |U V270  |Y 28  |7 63384 
242 0 1 |a Residential building  |y eng 
245 1 0 |a Bytový dom 
260 |c 2016 
650 4 |a bytový dom  |2 slo 
650 4 |a projekt organizácie výstavby  |2 slo 
650 4 |a extenzívna vegetačná strecha  |2 slo 
650 4 |a technológia stavieb  |2 slo 
650 4 |a building technology  |2 eng 
650 4 |a residential building  |2 eng 
650 4 |a project construction organization  |2 eng 
650 4 |a extensive vegetation roof  |2 eng 
700 1 |a Briatka, Peter  |u 010270  |k Z8  |4 ths  |U SvF Stavebná fakulta  |T SvF Katedra technológie stavieb  |X 23787  |U V270  |Y 28  |7 A000023787 
856 4 |u http://is.stuba.sk/zp/portal_zp.pl?podrobnosti=108848 
856 4 |u https://opac.crzp.sk/?fn=detailBiblioForm&sid=093FABE64BBAAF120533FC6F11AD 
SQL |a stuzp57169  |b DBP  |c SLO  |d Bytový dom  |e 63384  |f Juhošová, Dominika  |g 010270  |h 23787  |i Briatka, Peter  |j 20160620  |k 6  |l 01  |m http://is.stuba.sk/zp/portal_zp.pl?podrobnosti=108848  |n B-TMS  |o 5.2.8. stavebníctvo